[Event "Rheinhausen-ch 14th"]
[Site "Duisburg Rheinhausen"]
[Date "2010.03.26"]
[Round "7"]
[White "Scholten, Michael"]
[Black "Kaufung, Christian"]
[Result "1/2-1/2"]
[WhiteElo "1663"]
[BlackElo "1715"]
[PlyCount "67"]
[EventDate "2010.01.08"]
[EventType "swiss"]
[EventRounds "7"]
[EventCountry "GER"]
[SourceTitle "EXT 2018"]
[Source "ChessBase"]
[SourceDate "2017.10.13"]
[SourceVersion "1"]
[SourceVersionDate "2017.10.13"]
[SourceQuality "1"]

1. e4 e5 2. Nf3 Nf6 3. Nc3 d6 4. Bc4 Be7 5. 0-0 0-0 6. d4 Nc6 7. d5 Nb8 8. Bg5 Nbd7 9. Bb5 Nb6 10. Bxf6 Bxf6 11. Ne2 a6 12. Bd3 Bg5 13. c4 f5 14. Qc2 f4 15. c5 Nd7 16. cxd6 cxd6 17. Rac1 Nc5 18. b4 Nxd3 19. Qxd3 Bg4 20. Rc4 Bxf3 21. Qxf3 Qd7 22. Rfc1 Rac8 23. Rxc8 Rxc8 24. Rxc8+ Qxc8 25. Qc3 Qxc3 26. Nxc3 Bd8 27. Kf1 Kf7 28. Ke2 Kf6 29. a4 Ke7 30. b5 a5 31. Nb1 Bb6 32. Nd2 Bc5 33. Nc4 b6 34. f3 1/2-1/2